01396nab a22002657a 4500999001500000003000400015005001700019008004100036040000700077100002900084245004900113260007300162300001500235500004500250505043700295505009000732650002100822650003800843650002400881650003200905653002300937653001800960773013900978942001301117 c5375d5375OSt20250306130208.0190603e xxum|||| |||| 00| 0 spa d cPJ 96050aWayar, Federico C.10aForma de los contratos /cFederico C. Wayar. cCiudad Autónoma de Buenos Aires :aThomson Reuters La Ley, b2024. ap. 205-215 aCita Online: TR LALEY AR/DOC/1629/2024.  aSumario: I. La forma esencial de validez de las declaraciones contractuales.— II. La forma y las nuevas tecnologías de la información. Instrumentos electrónicos, digitales y soportes audiovisuales.— III. Contratos formales.— IV. Contratos no formales.— V. La solemnidad relativa del art. 1017.— VI. La conversión del negocio jurídico.— VII. El juicio de escrituración y de otorgamiento pendiente de la forma. t¿Te interesa el texto completo? Solicitalo al correo: koha@justierradelfuego.gov.ar  093463aCONTRATOS  09289aTECNOLOGIA DE LA INFORMACION 093456aESCRITURACION 093413aBOLETO DE COMPRAVENTA aFORMA DEL CONTRATO aFORMA ESCRITA0 0271393170dCiudad Autónoma de Buenos Aires : Thomson Reuters La Ley, 2015-tRevista Código Civil y Comercial. Nº 4 - Agosto 2024 2udccANA